Statistics for B99 Trivia Quiz

Click here to take the quiz!

General Stats

  • This quiz has been taken 451 times
  • The average score is 11 of 15

Answer Stats

QuestionAnswer% Correct
What is Rosa Diaz's sexuality?Bisexual
97%
What is Captain Holt's husband name?Kevin
96%
What is the name of Jake's favourite movie/film franchise?Die Hard
92%
What is the name of Holt and his husbands dog?Cheddar
91%
How many kids does Terry have?Three
89%
Who is Jake's childhood friend that ended up leaving the nine-nine?
Gina
83%
What is the name of Charles' adopted son?Nikolaj
83%
What is the name of Amy's obsessed ex who keeps proposing?Teddy
81%
What is detective scully's real name?Norm
76%
Who is Charles' lookalike that resurfaces for the halloween heist?Bill
75%
What are the names of Terry's twin daughtersCagney and Lacey
68%
What charecters nickname is after a bird and was temporarily the nine-nine captain?The Vulture
61%
Who is Holt's arch-nemesisWuntch
54%
What is said ex's favourite alcoholic beverage?Pilsners
51%
What name did the force give Rosa's mysterious girlfriend?Becky
9%

Score Distribution

Percentile by Number Answered

Percent of People with Each Score

Your Score History

You have not taken this quiz